| 000 | 01401nam a2200361 a 4500 | ||
|---|---|---|---|
| 003 | MX-MxUPN | ||
| 005 | 20250221133030.0 | ||
| 007 | cr a | ||
| 008 | 250221s2019 ec ||||fo|||| 000 0 spa d | ||
| 020 | _a9789978103852 | ||
| 040 |
_aMX-MxUPN _bspa _cMX-MxUPN _eaacr2 |
||
| 041 | 0 | _aspa | |
| 050 | 1 | 4 | _aLC1976 |
| 100 | 1 |
_aIza R., Aurora _955492 |
|
| 100 | 1 |
_aÁvila C, Diana _955494 |
|
| 100 | 1 |
_aVillagómez, María Sol _955496 |
|
| 100 | 1 |
_aGranda Merchán, Sebastián, _d1971- _955498 |
|
| 100 | 1 |
_aGuamán A., José Ignacio _955500 |
|
| 245 | 1 | 1 |
_aLas mujeres indígenas podemos salir adelante : _bretratos y relatos de mujeres indígenas universitarias _h[recurso electrónico en línea] |
| 250 | _a1ra. edición. | ||
| 260 |
_aCuenca, Ecuador : _bUniversidad Politécnica Salesiana, _c2019. |
||
| 300 |
_a1 recurso en línea (95 páginas) : _bPDF |
||
| 506 | 0 | _aAcceso abierto. | |
| 650 | 4 |
_aMaestras indígenas _xEducación superior _zEcuador _955501 |
|
| 650 | 4 |
_aMaestras indígenas _zEcuador _vBiografía _955503 |
|
| 650 | 4 |
_aEducación superior _xAspectos sociales _zEcuador _955504 |
|
| 650 | 4 |
_aDerecho a la educación _zEcuador _955508 |
|
| 650 | 4 |
_aDerechos de las mujeres _zEcuador _955509 |
|
| 650 | 4 |
_aIgualdad de oportunidades en educación _zEcuador |
|
| 856 | 4 | 0 | _uhttp://dspace.ups.edu.ec/handle/123456789/18287 |
| 902 | _aVíctor Ruiz/210225 | ||
| 942 |
_2lcc _cLIBRO-E |
||
| 999 |
_c212656 _d212656 |
||